000 00667nam a2200253Ia 4500
005 20260121155239.0
008 008 260114s9999 xx 000 0 eng d
020 _a9781003338758
037 _aEBOOK
040 _aCRL
040 _beng
040 _cCRL
041 _2eng
041 _aeng
084 _qCRL
100 _a Marcelo Sampaio de Alencar; Ana Isabela Cunha; Raissa Bezerra Rocha; Raphael Tavares de Alencar
_91017168
245 0 _aLinear Electronics
260 _bTaylor and Francis
260 _c2020
856 _uhttp://www.taylorfrancis.com/books/9781003338758
942 _cEBOOK
999 _c1583987
_d1583987